Welcome to CU Library Online Public Access Catalogue (OPAC)

RF power for industrial applications / (Record no. 8255)

MARC details
000 -LEADER
fixed length control field 00705cam a22002294a 4500
001 - CONTROL NUMBER
control field 13024366
005 - DATE AND TIME OF LATEST TRANSACTION
control field 20251113175305.0
008 - FIXED-LENGTH DATA ELEMENTS--GENERAL INFORMATION
fixed length control field 021209s2004 njua 001 0 eng
020 ## - INTERNATIONAL STANDARD BOOK NUMBER
International Standard Book Number 0130965774
020 ## - INTERNATIONAL STANDARD BOOK NUMBER
International Standard Book Number 9780130965776
050 00 - LIBRARY OF CONGRESS CALL NUMBER
Classification number TK7871.58.P6
Item number F74 2004
082 00 - DEWEY DECIMAL CLASSIFICATION NUMBER
Classification number 621.3815
Edition information 21
100 1# - MAIN ENTRY--PERSONAL NAME
Personal name Frenzel, Louis E.,
Titles and words associated with a name Jr.,
Dates associated with a name 1938-
245 10 - TITLE STATEMENT
Title RF power for industrial applications /
Statement of responsibility, etc. Louis E. Frenzel, Jr.
250 ## - EDITION STATEMENT
Edition statement 1st ed.
260 ## - PUBLICATION, DISTRIBUTION, ETC.
Place of publication, distribution, etc. Upper Saddle River, NJ :
Name of publisher, distributor, etc. Pearson/Prentice Hall,
Date of publication, distribution, etc. c2004.
300 ## - PHYSICAL DESCRIPTION
Extent ix, 278 p. :
Other physical details ill. ;
Dimensions 25 cm.
650 #0 - SUBJECT ADDED ENTRY--TOPICAL TERM
Topical term or geographic name entry element Power amplifiers.
650 #0 - SUBJECT ADDED ENTRY--TOPICAL TERM
Topical term or geographic name entry element Amplifiers, Radio frequency.
650 #0 - SUBJECT ADDED ENTRY--TOPICAL TERM
Topical term or geographic name entry element Industrial electronics.
942 ## - ADDED ENTRY ELEMENTS (KOHA)
Source of classification or shelving scheme Library of Congress Classification
Koha item type Books
Edition 1st ed.
Suppress in OPAC No
999 ## -
-- 8255
-- 8255
Holdings
Withdrawn status Lost status Source of classification or shelving scheme Damaged status Not for loan Collection Home library Current library Shelving location Date acquired Total checkouts Full call number Barcode Date last seen Copy number Price effective from Koha item type
    Library of Congress Classification     Non-fiction Science Library (Miotso) Science Library (Miotso) General stacks 11/13/2025   TK7871.58.P6 F74 FRE SLM00005822 11/13/2025 1 11/13/2025 Books
© 2023-2024 Copyright: Central University Libraries. All Rights Reserved | Created by: Mahone Tech Office